000
00314nam a2200133Ia 4500
008
240624s9999 xx 000 0 und d
041
_a
eng
082
_a
823 IGG
100
_a
IGGULDEN CONN
245
_a
CONQUEROR
260
_c
2011
_a
New Delhi
_b
HarperCollins
300
_a
546 : p. : cm. ; 18
365
_c
RS
_b
25
999
_c
19866
_d
19866